000 00741nam a2200265Ia 4500
003 OSt
005 20221006142714.0
006 a|||||r|||| 00| 0
007 ta
008 221006b |||||||| |||| 00| 0 eng d
020 _a0909879001
_c
_1.00
024 _a6,987
037 _bGift, Japan Foundation
_cTextual
040 _aEASL
_cEASL
_beng
041 _2eng
_aeng
082 _aQ42x5, L3
100 _aBAILEY H W
245 0 _aSad-dharma-pundarika-sutra
_b The summary in khotan saka
260 _aCanberra
_bAustralian National University
_c1973
300 _a57p.
_ccm.
490 _v Gen
650 _aGen
942 _hQ42x5, L3
_cTEXL
_2CC
999 _c1075073
_d1075073